| 000 | 00997nam0a22003011 4500 | ||
|---|---|---|---|
| 001 | v19\rc\1664421 | ||
| 005 | 20250619011423.0 | ||
| 035 | _a(NLR Aleph) 004773244 | ||
| 090 |
_a4639063 _c4639063 |
||
| 100 | _a20061002d1891 |||y0rusy50 ca | ||
| 101 | 0 | _arus | |
| 102 | _aRU | ||
| 105 | _ay z ||||| | ||
| 200 | 1 |
_aЗначение почвенно-геологических исследований для сельского хозяйства _fА.Н. Энгельгардт |
|
| 210 |
_aСанкт-Петербург _cтип. Е. Евдокимова _d1891 |
||
| 215 |
_a17 с. _d25 |
||
| 700 | 1 |
_aЭнгельгардт _bА.Н. _f1832-1893 _gАлександр Николаевич |
|
| 801 | 0 |
_aRU _bNLR _gpsbo |
|
| 801 | 0 |
_aRU _bRuMoRGB _2psbo |
|
| 801 | 1 |
_aRU _bProSoft-M _2rusmarc |
|
| 852 |
_aNLR _j18.294.1.342 |
||
| 899 |
_aRuMoRGB _jA 193/17 |
||
| 899 |
_aRuMoRGB _jA 317/608 |
||
| 899 | _aБАН | ||
| 899 | _aНБ СПбГУ | ||
| 899 | _aНБ МГУ | ||
| 942 | _cBOOK | ||
| 980 | _aNB | ||